<?xml version="1.0" encoding="UTF-8"?>
<marc:record xmlns:marc="http://www.loc.gov/MARC21/slim">
   <marc:leader>00000nam a2200000 a 4500</marc:leader>
   <marc:datafield ind1="1" ind2=" " tag="100">
      <marc:subfield code="a">Nwaubani, Adaobi Tricia</marc:subfield>
      <marc:subfield code="4">aut</marc:subfield>
      <marc:subfield code="e">Verfasser/-in</marc:subfield>
   </marc:datafield>
   <marc:datafield ind1="1" ind2=" " tag="100">
      <marc:subfield code="a">Nölle, Karen</marc:subfield>
      <marc:subfield code="4">trl</marc:subfield>
      <marc:subfield code="e">Übersetzer/-in</marc:subfield>
   </marc:datafield>
   <marc:datafield ind1="1" ind2=" " tag="100">
      <marc:subfield code="a">Nwaubani, Adaobi Tricia</marc:subfield>
   </marc:datafield>
   <marc:datafield ind1=" " ind2=" " tag="653">
      <marc:subfield code="a">Erzählende Literatur: Gegenwartsliteratur ab 1945</marc:subfield>
   </marc:datafield>
   <marc:datafield ind1="0" ind2="0" tag="245">
      <marc:subfield code="a">Die meerblauen Schuhe meines Onkels Cash Daddy</marc:subfield>
   </marc:datafield>
   <marc:datafield ind1="0" ind2="0" tag="245">
      <marc:subfield code="b">Roman</marc:subfield>
   </marc:datafield>
   <marc:datafield ind1="0" ind2="0" tag="245">
      <marc:subfield code="c">Adaobi Tricia Nwaubani. Aus dem Engl. von Karen Nölle</marc:subfield>
   </marc:datafield>
   <marc:datafield ind1=" " ind2="1" tag="264">
      <marc:subfield code="a">München</marc:subfield>
      <marc:subfield code="b">Dt. Taschenbuch-Verl.</marc:subfield>
      <marc:subfield code="c">2013</marc:subfield>
   </marc:datafield>
   <marc:datafield ind1="1" ind2=" " tag="490">
      <marc:subfield code="a">dtv</marc:subfield>
      <marc:subfield code="v">14204</marc:subfield>
   </marc:datafield>
   <marc:datafield ind1="1" ind2=" " tag="520">
      <marc:subfield code="a">Angaben aus der Verlagsmeldung

Die meerblauen Schuhe meines Onkels Cash Daddy : Roman Nwaubani,Schuhe I do not come to you by chance (Hyperion, New York) / von Adaobi Tricia Nwaubani

Kingsley, dem Erstgeborenen, wird bei Tisch das Essen serviert, in seiner d&amp;uuml;nnen Egusi-Suppe schwimmt ein St&amp;uuml;ck Fleisch, sein Universit&amp;auml;tsabschluss wird mit einer Party gefeiert. Doch die Zeiten in Nigeria sind schlecht, er findet keine Arbeit und der Brautpreis f&amp;uuml;r Ola &amp;ndash; seine s&amp;uuml;&amp;szlig;e, wunderbare Ola &amp;ndash; ist viel zu hoch. Also nimmt Cash Daddy den Neffen unter seine Fittiche und Kingsley lernt die Spielregeln des &amp;Uuml;berlebens ...
</marc:subfield>
   </marc:datafield>
   <marc:datafield ind1=" " ind2=" " tag="020">
      <marc:subfield code="a">9783423142045</marc:subfield>
      <marc:subfield code="9">9783423142045</marc:subfield>
   </marc:datafield>
   <marc:datafield ind1=" " ind2=" " tag="020">
      <marc:subfield code="a">3423142049</marc:subfield>
      <marc:subfield code="9">3423142049</marc:subfield>
   </marc:datafield>
   <marc:datafield ind1=" " ind2=" " tag="041">
      <marc:subfield code="a">ger</marc:subfield>
   </marc:datafield>
   <marc:datafield ind1=" " ind2=" " tag="300">
      <marc:subfield code="a">495 S.</marc:subfield>
   </marc:datafield>
</marc:record>
